ՀՀ Գիտությունների ազգային ակադեմիայի հիմնարար գիտական գրադարան  =   Fundamental Scientific Library of NAS RA

След не умирает : (Record no. 235354)

MARC details
000 -LEADER
fixed length control field 00702nam a2200193 u 4500
001 - CONTROL NUMBER
control field 000582414
003 - CONTROL NUMBER IDENTIFIER
control field AM-YeHGA
005 - DATE AND TIME OF LATEST TRANSACTION
control field 20250617141251.0
008 - FIXED-LENGTH DATA ELEMENTS--GENERAL INFORMATION
fixed length control field 080522s1973 ||| r 000 0 rus d
040 ## - CATALOGING SOURCE
Original cataloging agency AM-YeHGA
041 1# - LANGUAGE CODE
Language code of text/sound track or separate title rus
Language code of original ukr
090 ## - LOCALLY ASSIGNED LC-TYPE CALL NUMBER (OCLC); LOCAL CALL NUMBER (RLIN)
-- 236918
100 1# - MAIN ENTRY--PERSONAL NAME
Personal name Воронько, Платон Никитович
245 10 - TITLE STATEMENT
Title След не умирает :
Remainder of title Стихи и поэмы /
Statement of responsibility, etc. Платон Воронько; Пер. с укр. В. Корчагина.
260 ## - PUBLICATION, DISTRIBUTION, ETC.
Place of publication, distribution, etc. Москва :
Name of publisher, distributor, etc. Сов. писатель,
Date of publication, distribution, etc. 1973.
300 ## - PHYSICAL DESCRIPTION
Extent 159 с. :
Other physical details портр. ;
Dimensions 16 см.
653 0# - INDEX TERM--UNCONTROLLED
Uncontrolled term Украинская поэзия
700 1# - ADDED ENTRY--PERSONAL NAME
Personal name Корчагин, Валентин
Relator term пер.
Relationship trl
Holdings
Withdrawn status Lost status Source of classification or shelving scheme Damaged status Not for loan Collection Home library Current library Date acquired Cost, normal purchase price Total checkouts Full call number Barcode Date last seen Price effective from Koha item type Public note
    Universal Decimal Classification     General Fundamental Scientific Library Fundamental Scientific Library 28/12/2016 2.00   PI/32263 FL0057996 28/12/2016 28/12/2016 Գրքեր / Books 30 Days Loan


ՀՀ ԳԱԱ հիմնարար գիտական գրադարան
ՀՀ,Երևան 0019
Մարշալ Բաղրամյան 24/6
հեռախոս:(374-10) 52-47-50
Հետադարձ կապ

All site content, except where otherwise noted, is licensed under a
Creative Commons License